| 000 | 00757nam a2200217Ia 4500 | ||
|---|---|---|---|
| 003 | MN-UlNLM | ||
| 005 | 20210427170953.0 | ||
| 008 | 201005t1 ||||r |||||||||||||| ||ru || | ||
| 040 | _aМонгол Улсын Үндэсний номын сан | ||
| 084 |
_a778.5 _bБ 206 _210-t _q85 |
||
| 100 | 1 | _aБалашкин А.С. | |
| 245 | 0 |
_aСправочник по усилительным устройствам звукового кино _cРед. М.Лакштовская, И.Кацев |
|
| 250 | _aИздание 3-е | ||
| 260 | 1 |
_c1953 _aМ _bГоскиноиздат |
|
| 300 | _a748c | ||
| 546 | _aRussia | ||
| 653 |
_aУрлагийн шинжлэх ухаан _aКино урлаг |
||
| 856 | _aprintbook | ||
| 942 | _cBK | ||
| 999 |
_c334502 _d334559 |
||